000 01130nam a2200301Ia 4500
001 ebr10273241
003 CaPaEBR
006 m u
007 cr cn|||||||||
008 990809s1999 enk sb 001 0 eng d
010 _z 99045063
020 _z0198238290 (hardcover : alk. paper)
040 _aCaPaEBR
_cCaPaEBR
035 _a(OCoLC)309354731
050 1 4 _aBC177
_b.R342 1999eb
100 1 _aRaz, Joseph.
245 1 0 _aEngaging reason
_h[electronic resource] :
_bon the theory of value and action /
_cJoseph Raz.
260 _aOxford ;
_aNew York :
_bOxford University Press,
_c1999.
300 _a336 p.
504 _aIncludes bibliographical references and index.
533 _aElectronic reproduction.
_bPalo Alto, Calif. :
_cebrary,
_d2009.
_nAvailable via World Wide Web.
_nAccess may be limited to ebrary affiliated libraries.
650 0 _aReasoning.
650 0 _aEthics.
650 0 _aValues.
655 7 _aElectronic books.
_2local
710 2 _aebrary, Inc.
856 4 0 _uhttp://site.ebrary.com/lib/rucke/Doc?id=10273241
_zAn electronic book accessible through the World Wide Web; click to view
999 _c6791
_d6791